00331nam a2200121 a 4500008004100000050001500041100002500056245005400081260000900135350000900144650001400153650004200167120416s1972 xx |||||||||||||| || u aHC 860 Sei aSeidman, Ann Willcox10aComparative development strategies in East Africa c1972 a0.00 0aECONOMICS aECONOMIC DEVELOPMENT--AFRICA, EASTERN